Pour un violet - JUL - Statistiques

Statistiques générales
  • Ce quiz a été pris 66 fois
  • Le résultat moyen est 293 sur 500
Statistiques - réponses
Réponse % Correct
je
96%
Je
96%
à
90%
le
88%
Le
88%
de
86%
ta
86%
pas
84%
des
82%
me
82%
Me
82%
les
80%
pour
80%
76%
ou
76%
te
76%
viole
76%
Ça
75%
ca
75%
ça
75%
t'es
75%
tes
75%
ce
73%
j'te
73%
J'te
73%
met
73%
la
71%
71%
71%
ne
71%
autres
69%
casse
69%
cotes
69%
et
69%
Et
69%
ferme
69%
J'suis
69%
j'suis
69%
quand
69%
Quand
69%
que
69%
Que
69%
regrette
69%
sales
69%
T'as
69%
t'as
69%
toi
69%
tu
69%
Tu
69%
un
67%
du
67%
emboucaner
67%
gueule
67%
méthodes
67%
Moi
67%
moi
67%
potes
67%
un
67%
violet
67%
barres
65%
j'la
65%
J'pense
65%
L'instru'
65%
Ouais
65%
tire
65%
vice
65%
confond
63%
fais
63%
qui
63%
j'dis
61%
ma
61%
m'a
61%
n't'aime
61%
dans
57%
On
57%
on
57%
c'que
55%
j'fais
55%
j'tire
55%
pute
55%
dégats
53%
Depuis
53%
dis
53%
petit
53%
ceux
51%
j'ai
51%
J'ai
51%
se
51%
s'faire
51%
vous
51%
fouille
49%
Gros
49%
gros
49%
même
49%
j'sais
47%
ton
47%
cambriolent
45%
dit
45%
en
45%
mais
45%
piaule
45%
trop
45%
Trop
45%
fait
43%
Ils
43%
plus
43%
ces
41%
corps
41%
d'athlètes
41%
J'lève
41%
mégots
41%
moto
41%
égo
39%
est
39%
faire
39%
fous
39%
n'a
39%
nous
39%
passe
39%
ramasses
39%
reconnais
39%
tous
39%
zigzag
39%
attaque
37%
life
37%
lot
37%
mon
37%
sous
37%
attendais
35%
êtes
35%
flow
35%
Franchement
35%
franchement
35%
j'traine
35%
l'game
35%
plait
35%
respectes
35%
voix
35%
c'est
33%
débats
33%
jaloux
33%
j'm'y
33%
parce
33%
plaque
33%
s'il
33%
veux
33%
vois
33%
alentours
31%
batards
31%
cache
31%
chameaux
31%
couilles
31%
couplets
31%
feux
31%
guerre
31%
j'brûle
31%
j'brule
31%
Personnalise
31%
riposte
31%
temps
31%
boulet
29%
Croyez
29%
énervé
29%
l'envers
29%
l'poto
29%
l'rétro
29%
mots
29%
sans
29%
show
29%
style
29%
testes
29%
40
27%
Arrêtez
27%
Bande
27%
braqué
27%
comment
27%
d'prendre
27%
écoulé
27%
faux
27%
marre
27%
parlait
27%
points
27%
sur
27%
vos
27%
cagoulé
25%
crocs
25%
d'aprés
25%
derrière
25%
échos
25%
hein
25%
j'les
25%
jouent
25%
j'rappe
25%
mes
25%
nerfs
25%
n'sais
25%
phrases
25%
suis
25%
chaud
24%
etre
24%
MC
24%
putes
24%
réel
24%
sens
24%
j'vous
22%
proche
22%
S'ils
22%
touchent
22%
J'en
20%
j'vais
20%
l'industrie
20%
m'parlant
20%
pris
20%
sons
18%
m'défouler
16%
plains
16%
ayuken
12%
s'tuent
12%
mto
2%
Aucun quiz correspondant
Distribution des résultats
% des personnes avec chaque résultat
Percentile par nombre de réponses
Votre historique - résultats
Vous n’avez pas pris ce quiz